000 00640nam a22001697a 4500
999 _c2196
_d2196
020 _a9781844800131x
050 _aHF5549.5.E45 D69
100 _aPeter J. Dowling
245 _aInternational human resource management
_cPeter J. Dowling, Denice E. Welch
250 _a4th ed.
260 _aAustralia
_bThomson
_c2006
300 _axiv;325p.
500 _aIndex
505 _a1. Introduction: The enduring context of HRM 2. The organizational context 3. IHRM: sustaining international business operations 4. Recruiting and selecting staff for international assignment 5. Training and development
650 _aManagement
942 _cBK